| 000 | 01269nam a22002537a 4500 | ||
|---|---|---|---|
| 003 | Uzh_bibl | ||
| 008 | 260417b |||||||| |||| 00| 0 ukr d | ||
| 020 |
_a978-966-511-340-9 _c27.86 |
||
| 040 | _aукр. | ||
| 041 |
_2ukr _aukr |
||
| 080 | _a821(477) | ||
| 090 |
_a821(477) _bП 12 |
||
| 100 | _aПавловський, Ромвальд | ||
| 245 |
_aРубаї _hТекст |
||
| 260 |
_aКиїв _bДП "Дирекція ФВД" _c2008 |
||
| 300 | _a224 с. | ||
| 520 | _aДо цієї збірки увійшли твори і кращі вірші з книги "Зерна життєвих шляхів"(2005 р.) | ||
| 521 | _aДля широкого кола читачів | ||
| 546 | _aукр. | ||
| 650 |
_aЛітературно-художнє видання _yПозачасовий (вічні роздуми) іноді сучасність автора _zНе конкретизоване умовний простір: світ, природа, внутрішній світ людини |
||
| 653 |
_aЖиття _aЧас _aМудрість _aДуша _aІстина |
||
| 655 |
_aЛірика Філософська поезія Рубаї (чотиривірші зі східною традицією) _v[Поезії] |
||
| 942 |
_2udc _cBK |
||
| 999 |
_c17379 _d17379 |
||